Ewige Tabelle der LaLiga - Statistiken

Allgemein
  • Dieses Quiz wurde 965 mal gespielt
  • Das Durchschnittsergebnis liegt bei 23 aus 61
Antwortstatistiken
Pl. Team % Korrekt
2 FC Barcelona
100%
1 Real Madrid
99%
3 Atlético Madrid
97%
6 FC Sevilla
95%
5 FC Valencia
88%
4 Athletic Bilbao
85%
20 RCD Mallorca
80%
10 Real Betis Sevilla
80%
21 FC Villarreal
78%
8 Real Sociedad San Sebastián
77%
7 Espanyol Barcelona
74%
17 FC Málaga
66%
25 FC Getafe
62%
12 Deportivo La Coruna
61%
11 Celta Vigo
59%
50 FC Girona
56%
13 Real Valladolid
55%
19 UD Las Palmas
52%
33 FC Cádiz
51%
9 Real Saragossa
51%
28 UD Levante
50%
23 FC Elche
49%
24 Rayo Vallecano
48%
27 Deportivo Alavés
47%
22 FC Granada
47%
16 CA Osasuna
46%
29 CD Teneriffa
40%
39 SD Eibar
37%
14 Sporting Gijón
36%
40 UD Almería
36%
15 Racing Santander
32%
18 Real Oviedo
32%
57 SD Huesca
30%
44 CD Leganés
29%
26 Hércules Alicante
28%
30 Real Murcia
28%
37 FC Córdoba
24%
38 Albacete Balompié
22%
36 Burgos CF
20%
43 Recreativo Huelva
15%
47 Gimnástic de Tarragona
13%
34 CD Castellón
12%
32 UD Salamanca
11%
46 CD Numancia
10%
51 CF Extremadura
9%
35 CD Logronés
8%
31 CE Sabadell
8%
58 Deportivo Xerez
7%
61 Cultural Leonesa
6%
56 UE Lleida
6%
52 CP Mérida
5%
41 Pontevedra CF
5%
49 Real Jaén
5%
42 SD Compostela
5%
48 CD Alcoyano
4%
53 Real Unión Club
4%
54 AD Almería
2%
45 Arenas Club
2%
60 Atlético Tetuán
2%
59 CD Condal
2%
55 CE Europa
2%
Keine übereinstimmenden Quizze gefunden
Verteilung der Resultate
Anzahl Personen mit jedem Resultat
Perzentil nach korrekt beantworteten Fragen
Ihre Resultats-Entwicklung
Sie haben dieses Quiz noch nicht gespielt